[Event "SGP-ch 74th"]
[Site "Singapore"]
[Date "2023.02.12"]
[Round "9"]
[White "Teo, Hong Ming"]
[Black "Liu, Hongtao"]
[Result "0-1"]
[WhiteElo "1872"]
[BlackElo "2165"]
[PlyCount "59"]
[EventDate "2023.01.27"]
[EventType "swiss"]
[EventRounds "9"]
[EventCountry "SIN"]
[SourceTitle "EXT 2024"]
[Source "ChessBase"]
[SourceDate "2023.10.10"]
[SourceVersion "1"]
[SourceVersionDate "2023.10.10"]
[SourceQuality "1"]

1. d4 Nf6 2. c4 c5 3. d5 e6 4. Nc3 exd5 5. cxd5 d6 6. e4 g6 7. f3 Bg7 8. Bg5 0-0 9. Qd2 a6 10. a4 h6 11. Be3 Re8 12. Bd3 Nbd7 13. Be2 Nh5 14. Nh3 Ne5 15. Nf2 g5 16. g4 Nf4 17. Bxf4 gxf4 18. Qxf4 Ng6 19. Qg3 Be5 20. Qh3 Nf4 21. Qxh6 Ng2+ 22. Kf1 Bf4 23. g5 Bxg5 24. Qh5 Nf4 25. Qxg5+ Qxg5 26. Rg1 Re5 27. Rxg5+ Rxg5 28. a5 Bh3+ 29. Nxh3 Nxh3 30. Ke1 0-1

[Event "SGP-ch 74th"]
[Site "Singapore"]
[Date "2023.02.11"]
[Round "8"]
[White "Liu, Hongtao"]
[Black "Tan, Zhong Kai"]
[Result "1-0"]
[WhiteElo "2165"]
[BlackElo "1923"]
[PlyCount "119"]
[EventDate "2023.01.27"]
[EventType "swiss"]
[EventRounds "9"]
[EventCountry "SIN"]
[SourceTitle "EXT 2024"]
[Source "ChessBase"]
[SourceDate "2023.10.10"]
[SourceVersion "1"]
[SourceVersionDate "2023.10.10"]
[SourceQuality "1"]

1. e4 c5 2. Nc3 Nc6 3. Bb5 Nd4 4. Nf3 e6 5. 0-0 a6 6. Bd3 Nxf3+ 7. Qxf3 Qc7 8. a4 Bd6 9. g3 Ne7 10. Re1 Nc6 11. Bf1 0-0 12. Bg2 b6 13. Qd1 Bb7 14. d3 Nd4 15. Nb1 f5 16. c3 Nc6 17. Na3 f4 18. Nc4 e5 19. Qb3 Kh8 20. Qxb6 g5 21. Bh3 Rad8 22. b3 Rf6 23. Ba3 Qb8 24. Nxd6 Rxd6 25. Qxc5 Rh6 26. Bg4 Bc8 27. Bd1 Qc7 28. f3 d6 29. Qf2 Qg7 30. g4 Rh4 31. Qb6 Qd7 32. Ra2 h5 33. Rg2 hxg4 34. Rxg4 Qh7 35. Rxh4 Qxh4 36. Qf2 Qh5 37. Kf1 Bh3+ 38. Ke2 d5 39. Kd2 dxe4 40. fxe4 g4 41. Kc2 Qg5 42. Rg1 Rg8 43. Bc5 Qd8 44. d4 exd4 45. Qxf4 d3+ 46. Kd2 Qh4 47. Rg3 Nd8 48. Rxd3 Ne6 49. Qe5+ Ng7 50. Rd6 Re8 51. Qf6 Qxf6 52. Rxf6 Ne6 53. Be3 Kg7 54. e5 a5 55. b4 axb4 56. cxb4 Rd8+ 57. Kc1 Nd4 58. b5 Rd5 59. Rd6 g3 60. hxg3 1-0

[Event "SGP-ch 74th"]
[Site "Singapore"]
[Date "2023.02.04"]
[Round "5"]
[White "Wong, Zhenyong Jayden"]
[Black "Liu, Hongtao"]
[Result "1-0"]
[WhiteElo "2292"]
[BlackElo "2165"]
[PlyCount "51"]
[EventDate "2023.01.27"]
[EventType "swiss"]
[EventRounds "9"]
[EventCountry "SIN"]
[SourceTitle "CBM 212 Extra"]
[Source "ChessBase"]
[SourceDate "2023.03.31"]
[SourceVersion "1"]
[SourceVersionDate "2023.03.31"]
[SourceQuality "1"]

1. d4 Nf6 2. c4 e6 3. Nf3 Bb4+ 4. Nbd2 0-0 5. g3 d6 6. Bg2 Re8 7. 0-0 Bxd2 8. Qxd2 Nbd7 9. b4 c6 10. Rd1 a5 11. b5 d5 12. Ne5 Nxe5 13. dxe5 Nd7 14. bxc6 bxc6 15. cxd5 cxd5 16. Bb2 Nb6 17. e4 Bb7 18. Bc3 Na4 19. Rab1 Bc6 20. exd5 exd5 21. Ba1 Nb6 22. Qd4 Nc4 23. Qc5 Rc8 24. Bxd5 Ba4 25. Qd4 Qc7 26. Rdc1 1-0

[Event "SGP-ch 74th"]
[Site "Singapore"]
[Date "2023.01.28"]
[Round "2"]
[White "Liu, Hongtao"]
[Black "Tin, Jingyao"]
[Result "0-1"]
[WhiteElo "2165"]
[BlackElo "2598"]
[PlyCount "122"]
[EventDate "2023.01.27"]
[EventType "swiss"]
[EventRounds "9"]
[EventCountry "SIN"]
[SourceTitle "CBM 212 Extra"]
[Source "ChessBase"]
[SourceDate "2023.03.31"]
[SourceVersion "1"]
[SourceVersionDate "2023.03.31"]
[SourceQuality "1"]

1. e4 e5 2. Nf3 Nc6 3. Bb5 a6 4. Ba4 Nf6 5. 0-0 b5 6. Bb3 Bc5 7. Nc3 d6 8. Nd5 Rb8 9. c3 Nxd5 10. Bxd5 Ne7 11. d4 exd4 12. Nxd4 h6 13. Be3 Bd7 14. Qf3 0-0 15. Rfe1 Nxd5 16. exd5 Re8 17. Nb3 Bxe3 18. Rxe3 Qg5 19. Rae1 Qg6 20. Nd4 Rxe3 21. fxe3 Re8 22. Qd1 Qe4 23. Nf3 Bc8 24. Qd4 Bb7 25. Kf2 Bxd5 26. Qxe4 Rxe4 27. a3 f5 28. Rd1 Bb7 29. g3 Kf7 30. Rd2 Kf6 31. Rd1 g5 32. Rd3 Re8 33. Rd4 Ke6 34. Rd1 c5 35. Ng1 a5 36. Ne2 Be4 37. Rd2 Rb8 38. Nc1 b4 39. axb4 axb4 40. cxb4 Rxb4 41. Ne2 Bc6 42. Nc3 Ke5 43. Ke1 Bf3 44. Kf2 Be4 45. Ne2 Ra4 46. Nc3 Ra1 47. Rd1 Ra8 48. Rd2 d5 49. Rd1 Ra6 50. Ne2 Ra2 51. Rd2 Ra1 52. Ng1 Rc1 53. h4 Ra1 54. hxg5 hxg5 55. Nh3 Kf6 56. Ng1 Ra8 57. Rd1 Rh8 58. Nf3 Bxf3 59. Kxf3 Ke5 60. Rd2 g4+ 61. Kg2 Ke4 0-1